Canadian law
Gespeichert in:
| 1. Verfasser: | |
|---|---|
| Format: | Buch |
| Sprache: | Undetermined |
| Veröffentlicht: |
Toronto
McGraw-Hill Ryerson
1972
|
| Schlagworte: | |
| Tags: |
Tag hinzufügen
Keine Tags, Fügen Sie den ersten Tag hinzu!
|
| Thư viện lưu trữ: | Trung tâm Học liệu Trường Đại học Cần Thơ |
|---|
| LEADER | 00515nam a2200193Ia 4500 | ||
|---|---|---|---|
| 001 | CTU_156295 | ||
| 008 | 210402s9999 xx 000 0 und d | ||
| 082 | |a 340.0971 | ||
| 082 | |b J54 | ||
| 100 | |a Jennings, W. H. | ||
| 245 | 0 | |a Canadian law | |
| 245 | 0 | |c W. H. Jennings, Thomas G. Zuber | |
| 260 | |a Toronto | ||
| 260 | |b McGraw-Hill Ryerson | ||
| 260 | |c 1972 | ||
| 650 | |a Law,Commercial law | ||
| 650 | |z Canada,Canada | ||
| 904 | |i Giang sửa | ||
| 980 | |a Trung tâm Học liệu Trường Đại học Cần Thơ | ||